000 00710cam a2200229 a 4500
001 4509834
005 20180302052621.0
008 980630s1998 iaua b 001 0 eng
010 _a 98065393
020 _a0787238848
040 _aDLC
_cDLC
_dDLC
041 _aeng
080 _a428.40712 REA
082 0 0 _a428.40712 REA
_221
100 1 _a25
101 _aEDU
245 1 0 _aContent area literacy :
_cJohn E. Readence, Thomas W. Bean, R. Scott Baldwin.
504 _aIncludes bibliographical references (p. 231-248) and index.
906 _a7
_bcbc
_corignew
_d2
_eopcn
_f19
_gy-gencatlg
942 _2ddc
_cBK
999 _c44002
_d44002